Online Catalogue and eLibrary

, Ann 1Ann 2 : (Record no. 5612)

MARC details
000 -LEADER
fixed length control field 00425nam a2200157Ia 4500
005 - DATE AND TIME OF LATEST TRANSACTION
control field 20250428014900.0
008 - FIXED-LENGTH DATA ELEMENTS--GENERAL INFORMATION
fixed length control field 240331s9999 xx 000 0 und d
020 ## - INTERNATIONAL STANDARD BOOK NUMBER
ISBN 9555512361
082 ## - DDC Classification
Item Number - Author Mark MAH
Class No. 891
100 ## - MAIN ENTRY--PERSONAL NAME
Personal name Mahingoda,P
245 #0 - TITLE STATEMENT
Title , Ann 1Ann 2 :
Remainder of title arabe gedara ann
260 ## - PUBLICATION, DISTRIBUTION, ETC.
Place of publication, distribution, etc. Colombo
Name of publisher, distributor, etc. Dayawansa Jayakody & Company
Date of publication, distribution, etc. 1925
300 ## - PHYSICAL DESCRIPTION
Extent (e.g. Volumes, Pages etc.) 352 p ., ( P-1)
500 ## - GENERAL NOTE
General note Translation of Anne of Green gable
942 ## - Koha item type (Biblio)
Koha item type Books in Stacks (Lending)
Holdings
Lost status Damaged status Collection code Home library Current library Shelving location Date acquired Full call number Accession Number Item type
    Lending WERC Library WERC Library Social Science Cupboard 03/31/2024 891.48 MAH 5466 Books in Stacks (Lending)

© WERC Library